| 000 | 00393nam a2200181Ia 4500 | ||
|---|---|---|---|
| 100 | _aBanks/Jerry/ Carson/J.S | ||
| 650 | _aSimulation | ||
| 250 | _a5 | ||
| 942 | _cBK | ||
| 366 | _f25 | ||
| 654 | _asimulation | ||
| 245 | _aDiscrete-event system simulation | ||
| 260 |
_bPearson Education _c2014 |
||
| 082 |
_a3.3 _bBAN |
||
| 300 | _a564 | ||
| 546 |
_aENGLISH _cComputers |
||
| 999 |
_c23095 _d23095 |
||